|
|
|
|
| LEADER |
00000nab a2200000 ar4500 |
| 001 |
vtls010171779 |
| 003 |
SK-MaSNL |
| 005 |
20260303234832.0 |
| 008 |
100924c20100913xo ||||||||||||00 b|slo |
| 015 |
|
|
|a SNBRB2010/09
|2 snkbucl
|
| 038 |
|
|
|a SNKBUCL
|
| 040 |
|
|
|a SNKBUCL
|b slo
|c SNKBUCL
|e AACR2
|
| 041 |
0 |
|
|a slo
|
| 044 |
|
|
|a xo
|c SK
|
| 080 |
|
|
|a 797.122.2/.3.093.1
|x (100)
|2 001
|
| 100 |
1 |
|
|a Ježík, Ján
|4 aut
|9 329107
|
| 245 |
1 |
0 |
|a Martikánova skvelá séria pokračuje
|b v nedeľu Dukátová historicky prvou svetovou šampiónkou v C1
|c Ján Ježík
|
| 611 |
2 |
7 |
|a Majstrovstvá sveta vo vodnom slalome
|d (2010 :
|c Tacen, Slovinsko)
|2 snkbucl
|9 1272807
|
| 650 |
0 |
7 |
|a kanoistika
|2 snkbucl
|9 3240
|
| 650 |
0 |
7 |
|a kajakárstvo
|2 snkbucl
|9 14048
|
| 773 |
0 |
|
|t Šport
|g Roč. 64, č. 211 (13.9.2010), s. 37
|x 0139-7001
|
| 852 |
|
|
|a SNK
|b KIS3GCP
|
| 999 |
|
|
|c 2522913
|d 2524843
|